Dollars and sense : an introduction to economics (Record no. 41)
[ view plain ]
| 000 -LEADER | |
|---|---|
| fixed length control field | 01302nam a22001817a 4500 |
| 008 - FIXED-LENGTH DATA ELEMENTS--GENERAL INFORMATION | |
| fixed length control field | 110829t xxu||||| |||| 00| 0 eng d |
| 020 ## - INTERNATIONAL STANDARD BOOK NUMBER | |
| International Standard Book Number | 0673468062 9780673468062 |
| 050 ## - LIBRARY OF CONGRESS CALL NUMBER | |
| Classification number | HB171.5 .M46 |
| 100 ## - MAIN ENTRY--PERSONAL NAME | |
| Personal name | McCarty, Marilu Hurt |
| Fuller form of name | Marilu Hurt McCarty |
| 245 ## - TITLE STATEMENT | |
| Title | Dollars and sense : an introduction to economics |
| Statement of responsibility, etc. | Marilu Hurt McCarty |
| 250 ## - EDITION STATEMENT | |
| Edition statement | 7th ed |
| 260 ## - PUBLICATION, DISTRIBUTION, ETC. | |
| Place of publication, distribution, etc. | New York, NY |
| Name of publisher, distributor, etc. | HarperCollins College Publishers |
| Date of publication, distribution, etc. | New York, NY : HarperCollins College Publishers, c1994 |
| 300 ## - PHYSICAL DESCRIPTION | |
| Extent | xiii, 372 p. |
| Other physical details | ill. |
| Dimensions | 24 cm |
| 500 ## - GENERAL NOTE | |
| General note | Includes bibliographical references and index |
| 505 ## - FORMATTED CONTENTS NOTE | |
| Formatted contents note | Contents: Chap. 1. Scarcity and choice -- Chap. 2. Demand and supply: The Basics -- Chap. 3. More about demand: Price elasticity -- Chap. 4. More about supply: Costs of production and price elasticity of supply -- Chap. 5. Imperfect competition and inefficient outcomes -- Chap. 6. Labor markets and the labor movement -- Chap. 7. Measuring economic activity -- Chap. 8. Cycles in economic activity -- Chap. 9. Government finance and fiscal policy -- Chap. 10. Financial institutions and monetary policy -- Chap. 14. Inflation -- Chap. 12. Unemployment -- Chap. 13. Poverty and income distribution -- Chap. 14. Economic growth -- Chap. 15. Global trade and finance |
| 650 ## - SUBJECT ADDED ENTRY--TOPICAL TERM | |
| Topical term or geographic name entry element | Economics |
| 942 ## - ADDED ENTRY ELEMENTS (KOHA) | |
| Source of classification or shelving scheme | Library of Congress Classification |
| Koha item type | Books |
| Withdrawn status | Lost status | Source of classification or shelving scheme | Damaged status | Not for loan | Home library | Current library | Shelving location | Date acquired | Total Checkouts | Full call number | Barcode | Date last seen | Copy number | Price effective from | Koha item type |
|---|---|---|---|---|---|---|---|---|---|---|---|---|---|---|---|
| Library of Congress Classification | WISCONSIN INTERNATIONAL UNIVERSITY COLLEGE, GHANA - MAIN LIBRARY | WISCONSIN INTERNATIONAL UNIVERSITY COLLEGE, GHANA - MAIN LIBRARY | General Stacks | 29/08/2011 | HB171.5 .M46 | 072/11 | 29/08/2011 | 1 | 29/08/2011 | Books |
